Take notes
| Main Author: | |
|---|---|
| Format: | Book |
| Published: |
Kuala Lumpur :
Golden Books Centre Sdn.Bhd ,
1993
|
| Series: | Ron Fry's how to study program
|
| Subjects: |
MARC
| LEADER | 00000cam a2200000 7i4500 | ||
|---|---|---|---|
| 001 | 0000005071 | ||
| 002 | 000005468 | ||
| 005 | 20000330.0 | ||
| 020 | |a 967995983X | ||
| 090 | 0 | 0 | |a 371.30281 |b FRY |
| 100 | 1 | |a Fry, Ron | |
| 245 | 1 | 0 | |a Take notes |c Ron Fry |
| 260 | |a Kuala Lumpur : |b Golden Books Centre Sdn.Bhd , |c 1993 | ||
| 300 | |a 95p. ; |c 20cm. | ||
| 490 | 0 | |a Ron Fry's how to study program | |
| 650 | 0 | 0 | |a Education |x Aims and objectives |
| 650 | 0 | 0 | |a Lesson planning |
| 999 | |a 033295 |b BUKU |c PINJAMAN |e PERPUSTAKAAN KOMUNITI PETALING JAYA | ||